000 00802cam a2200265 4500500
005 20260329022558.0
041 _afre
042 _adc
100 1 0 _aBéduchaud, Diane
_eauthor
245 0 0 _aYoung carers: An emerging topic for research and public action
260 _c2023.
500 _a5
690 _aaidant familial
690 _adépendance
690 _afamille
690 _ahandicap
690 _ajeunes aidants
690 _ajeunesse
690 _amaladie
690 _aproche aidant
690 _arelations intergénérationnelles
690 _asolidarité familiale
786 0 _nInformations sociales | o 208 | 4 | 2023-05-03 | p. 33-37 | 0046-9459
856 4 1 _uhttps://shs.cairn.info/journal-informations-sociales-2022-4-page-33?lang=en&redirect-ssocas=7080
999 _c1921005
_d1921005